[Event "Madrid-chT Honor 2223"]
[Site "Madrid"]
[Date "2023.03.11"]
[Round "13.4"]
[White "Jimenez Lopez, Antonio"]
[Black "Gutierrez Diaz, Pablo"]
[Result "1/2-1/2"]
[WhiteElo "2236"]
[BlackElo "1966"]
[PlyCount "110"]
[EventDate "2022.11.20"]
[EventType "team-tourn"]
[EventRounds "14"]
[EventCountry "ESP"]
[SourceTitle "EXT 2024"]
[Source "ChessBase"]
[SourceDate "2023.10.10"]
[SourceVersion "1"]
[SourceVersionDate "2023.10.10"]
[SourceQuality "1"]
[WhiteTeam "San Fernando de Henares"]
[BlackTeam "Villalba 64"]
[WhiteTeamCountry "ESP"]
[BlackTeamCountry "ESP"]

1. e4 c5 2. Nf3 Nc6 3. d4 cxd4 4. Nxd4 g6 5. Nc3 Bg7 6. Be3 Nf6 7. Bc4 0-0 8. Bb3 d6 9. f3 Bd7 10. Qd2 Rc8 11. 0-0-0 Ne5 12. Kb1 Nc4 13. Bxc4 Rxc4 14. b3 Rc8 15. Nd5 Re8 16. h4 Nxd5 17. exd5 Qc7 18. h5 Qc3 19. hxg6 fxg6 20. Rhe1 Rc5 21. Qxc3 Rxc3 22. Bg5 Be5 23. f4 Bf6 24. Bxf6 exf6 25. Rxe8+ Bxe8 26. Kb2 Rg3 27. Rd2 Bd7 28. c4 Kf7 29. b4 Rg4 30. Rf2 Rg3 31. Nf3 Bf5 32. Kc3 Ke7 33. Kd4 Kd7 34. c5 g5 35. fxg5 fxg5 36. cxd6 Rg4+ 37. Ke5 Bg6 38. a3 Rf4 39. Re2 Rf5+ 40. Kd4 Rf4+ 41. Ke5 Rf5+ 42. Kd4 Rf4+ 43. Kc3 Kxd6 44. Nxg5 Rg4 45. Nf3 Be4 46. Rd2 Bxd5 47. Ne1 Rg3+ 48. Kd4 Rxa3 49. Nd3 Ra2 50. Nb2 b5 51. g4 Ra3 52. Rh2 Rg3 53. Rxh7 Rxg4+ 54. Kc3 Rg3+ 55. Kd4 Rg4+ 1/2-1/2

[Event "Collado Villalba Grupo Gallinero op 1st"]
[Site "Collado Villalba"]
[Date "2022.08.14"]
[Round "5"]
[White "De Dompablo Fantova, Juan"]
[Black "Gutierrez Diaz, Pablo"]
[Result "0-1"]
[WhiteElo "1669"]
[BlackElo "1946"]
[PlyCount "54"]
[EventDate "2022.08.12"]
[EventType "swiss"]
[EventRounds "9"]
[EventCountry "ESP"]
[SourceTitle "CBM 210 Extra"]
[Source "ChessBase"]
[SourceDate "2022.11.30"]
[SourceVersion "1"]
[SourceVersionDate "2022.11.30"]
[SourceQuality "1"]

1. e4 c5 2. Nc3 Nc6 3. f4 g6 4. Nf3 Bg7 5. Bb5 Nd4 6. Bc4 e6 7. Nxd4 cxd4 8. Ne2 Ne7 9. d3 b5 10. Bb3 Bb7 11. 0-0 0-0 12. Qe1 a5 13. a4 bxa4 14. Bxa4 Bc6 15. Bd2 Qb6 16. b3 Rfc8 17. Qh4 Bxa4 18. bxa4 Rxc2 19. Rfd1 Nc6 20. Ng3 Qa6 21. Be1 Rb8 22. Rac1 Rxc1 23. Rxc1 Qxd3 24. Bf2 Rb1 25. Rxb1 Qxb1+ 26. Nf1 d3 27. Be3 d2 0-1

[Event "Madrid-ch Previa-B"]
[Site "Madrid"]
[Date "2022.03.25"]
[Round "8"]
[White "Feal Albala, Alonso"]
[Black "Gutierrez Diaz, Pablo"]
[Result "1/2-1/2"]
[WhiteElo "1809"]
[BlackElo "1916"]
[PlyCount "112"]
[EventDate "2022.03.03"]
[EventType "swiss"]
[EventRounds "9"]
[EventCountry "ESP"]
[SourceTitle "EXT 2023"]
[Source "ChessBase"]
[SourceDate "2022.10.05"]
[SourceVersion "1"]
[SourceVersionDate "2022.10.05"]
[SourceQuality "1"]

1. e4 c5 2. Nf3 Nc6 3. d4 cxd4 4. Nxd4 g6 5. Nc3 Bg7 6. Nb3 Nf6 7. Bc4 0-0 8. 0-0 d6 9. Re1 Ng4 10. Nd5 e6 11. Ne3 Nxe3 12. Rxe3 Ne5 13. Be2 d5 14. exd5 exd5 15. c3 b6 16. f4 Nc4 17. Rd3 Qe7 18. Bf3 Bf5 19. Rxd5 Ne3 20. Bxe3 Qxe3+ 21. Kh1 Qxf4 22. Nd4 Be4 23. Rd7 Bxf3 24. Nxf3 Rfe8 25. Qd5 Rac8 26. Ng5 Rf8 27. g3 Qf6 28. Kg1 Rc5 29. Ne4 Rxd5 30. Nxf6+ Bxf6 31. Rxd5 Re8 32. Rf1 Kg7 33. Rd2 h5 34. Rdf2 Re6 35. h3 b5 36. a3 a5 37. Kg2 Rb6 38. Rf3 Re6 39. R1f2 Rd6 40. Kf1 Re6 41. Re2 Be5 42. Ke1 f6 43. Kd1 Rc6 44. g4 hxg4 45. hxg4 Rc5 46. Rd3 Kh6 47. Re1 Kg5 48. b4 axb4 49. axb4 Rc4 50. Rd5 Kxg4 51. Rc5 Bxc3 52. Rg1+ Kf4 53. Rxg6 Rd4+ 54. Ke2 Bxb4 55. Rxf6+ Ke4 56. Rxb5 Bd6 1/2-1/2

[Event "ESP-chT Rapid"]
[Site "Ciudad Real"]
[Date "2021.10.10"]
[Round "9.2"]
[White "Gutierrez Diaz, Pablo"]
[Black "Idani, Pouya"]
[Result "0-1"]
[WhiteElo "1905"]
[BlackElo "2610"]
[PlyCount "73"]
[EventDate "2021.10.09"]
[EventType "team-swiss (rapid)"]
[EventRounds "9"]
[EventCountry "ESP"]
[SourceTitle "CBM 204 Extra"]
[Source "ChessBase"]
[SourceDate "2021.11.30"]
[SourceVersion "1"]
[SourceVersionDate "2021.11.30"]
[SourceQuality "1"]
[WhiteTeam "Madrid 64Villalba II"]
[BlackTeam "Silla Bosch Serinsys"]
[WhiteTeamCountry "ESP"]
[BlackTeamCountry "ESP"]

1. e4 c5 2. Nf3 d6 3. Bb5+ Bd7 4. Bxd7+ Qxd7 5. c4 Nf6 6. Nc3 Nc6 7. h3 g6 8. d4 cxd4 9. Nxd4 Bg7 10. Be3 0-0 11. Rc1 a6 12. 0-0 Nxd4 13. Bxd4 b5 14. Nd5 Nxd5 15. cxd5 Bxd4 16. Qxd4 Rac8 17. Qb6 f5 18. Rc6 fxe4 19. Qxa6 Rb8 20. Qa5 Rf5 21. Rc7 Qd8 22. Qa7 Re5 23. Rfc1 Qf8 24. Qd4 Qf5 25. Re1 Rf8 26. Rc3 Rxd5 27. Qe3 Re5 28. Qd4 Qf7 29. a3 Qf6 30. Rc2 d5 31. Rc5 e3 32. f3 Qg5 33. h4 Qg3 34. Rxe3 Rxe3 35. Qxe3 Qd6 36. Rxb5 Rc8 37. Qd4 0-1

[Event "Madrid-ch Previa-A"]
[Site "Madrid"]
[Date "2021.02.22"]
[Round "7"]
[White "Gutierrez Diaz, Pablo"]
[Black "Diaz Roncero Gonzalez, Daniel"]
[Result "1-0"]
[WhiteElo "1879"]
[BlackElo "1552"]
[PlyCount "103"]
[EventDate "2021.02.08"]
[EventType "swiss"]
[EventRounds "9"]
[EventCountry "ESP"]
[SourceTitle "EXT 2022"]
[Source "ChessBase"]
[SourceDate "2021.10.06"]
[SourceVersion "1"]
[SourceVersionDate "2021.10.06"]
[SourceQuality "1"]

1. e4 c5 2. Nf3 a6 3. c4 Nc6 4. d4 cxd4 5. Nxd4 Nf6 6. Nc3 d6 7. Be2 Qc7 8. Be3 e6 9. 0-0 Be7 10. Qd2 0-0 11. Rac1 Ne5 12. f3 Bd7 13. Nb1 Rac8 14. b4 Qb8 15. g4 b5 16. g5 Ne8 17. cxb5 Rxc1 18. Rxc1 Bxb5 19. Nxb5 axb5 20. f4 Ng6 21. Rc6 Nc7 22. Qc2 Rc8 23. a4 Bd8 24. Bxb5 Ne7 25. Rb6 Qa7 26. Qd3 Nxb5 27. Rxd6 Qxe3+ 28. Qxe3 Nxd6 29. Qd3 Nc4 30. Nc3 Bb6+ 31. Kg2 Ng6 32. Ne2 Ne3+ 33. Kf3 Nc4 34. Kg3 h6 35. a5 Nxa5 36. Qa6 Rc6 37. Qa8+ Kh7 38. bxa5 Nxf4 39. Qxc6 Nxe2+ 40. Kg2 Bxa5 41. Qb5 Nf4+ 42. Kf3 Bc7 43. Qd7 Be5 44. gxh6 Kxh6 45. Qxf7 g5 46. Kg4 Bg7 47. h4 Ng6 48. Qxe6 Kh7 49. hxg5 Nf8 50. Qf5+ Kg8 51. g6 Kh8 52. e5 1-0

[Event "Collado Villalba 64 op 7th"]
[Site "Collado Villalba"]
[Date "2019.08.04"]
[Round "9"]
[White "Gutierrez Diaz, Pablo"]
[Black "Garcia Prada, Alejandro"]
[Result "1-0"]
[WhiteElo "1874"]
[BlackElo "1796"]
[PlyCount "53"]
[EventDate "2019.07.29"]
[EventType "swiss"]
[EventRounds "9"]
[EventCountry "ESP"]
[SourceTitle "CBM 195 Extra"]
[Source "ChessBase"]
[SourceDate "2020.05.31"]
[SourceVersion "1"]
[SourceVersionDate "2020.05.31"]
[SourceQuality "1"]

1. e4 c5 2. Nf3 g6 3. c4 Bg7 4. d4 cxd4 5. Nxd4 Nc6 6. Be3 Nh6 7. Be2 f5 8. Qd2 Ng4 9. Bxg4 fxg4 10. Nc3 0-0 11. 0-0 Ne5 12. b3 d6 13. Rac1 Qd7 14. Kh1 b6 15. Nd5 Bb7 16. Bh6 Bxh6 17. Qxh6 Nd3 18. Rc2 e6 19. Nc3 e5 20. Ndb5 a6 21. Na3 Rf4 22. Rd2 Nc5 23. Rfd1 Rd8 24. Nc2 Bxe4 25. Ne3 Nd3 26. Nxe4 Qe6 27. Nd5 1-0

[Event "Collado Villalba 64 op 7th"]
[Site "Collado Villalba"]
[Date "2019.08.03"]
[Round "8"]
[White "Suarez Paz, Alfonso"]
[Black "Gutierrez Diaz, Pablo"]
[Result "1-0"]
[WhiteElo "1796"]
[BlackElo "1874"]
[PlyCount "36"]
[EventDate "2019.07.29"]
[EventType "swiss"]
[EventRounds "9"]
[EventCountry "ESP"]
[SourceTitle "CBM 195 Extra"]
[Source "ChessBase"]
[SourceDate "2020.05.31"]
[SourceVersion "1"]
[SourceVersionDate "2020.05.31"]
[SourceQuality "1"]

1. e4 c5 2. Nf3 Nc6 3. d4 cxd4 4. Nxd4 e5 5. Nxc6 bxc6 6. Bd3 Nf6 7. 0-0 Bc5 8. Nd2 0-0 9. Nb3 Bb6 10. Bg5 d5 11. h3 Qd6 12. Qf3 dxe4 13. Bxe4 Nxe4 14. Qxe4 f5 15. Qh4 Qg6 16. Be7 Rf7 17. Bc5 f4 18. Rad1 f3 1-0

[Event "Collado Villalba 64 op 7th"]
[Site "Collado Villalba"]
[Date "2019.08.02"]
[Round "6"]
[White "Gutierrez Diaz, Pablo"]
[Black "Longa Yauca, Javier"]
[Result "0-1"]
[WhiteElo "1874"]
[BlackElo "2261"]
[PlyCount "64"]
[EventDate "2019.07.29"]
[EventType "swiss"]
[EventRounds "9"]
[EventCountry "ESP"]
[SourceTitle "CBM 195 Extra"]
[Source "ChessBase"]
[SourceDate "2020.05.31"]
[SourceVersion "1"]
[SourceVersionDate "2020.05.31"]
[SourceQuality "1"]

1. e4 e5 2. Nf3 d6 3. d4 Nf6 4. Nc3 Nbd7 5. Bg5 c6 6. Bh4 Be7 7. a4 0-0 8. Bc4 Nxe4 9. Bxe7 Qxe7 10. Nxe4 d5 11. Qe2 dxc4 12. 0-0 exd4 13. Nxd4 Nc5 14. Rfe1 Nxe4 15. Qxe4 Qxe4 16. Rxe4 Bd7 17. Nf3 Be6 18. Nd4 Bd5 19. Re7 Rfd8 20. Rae1 g6 21. c3 a5 22. Rc7 Rac8 23. Ree7 Rxc7 24. Rxc7 b6 25. h3 c5 26. Nc2 Be6 27. Ne3 Rd2 28. g4 Rxb2 29. f4 Re2 30. Ng2 Bd5 31. Nh4 Kf8 32. f5 g5 0-1

[Event "Collado Villalba 64 op 6th"]
[Site "Collado Villalba"]
[Date "2018.07.13"]
[Round "7"]
[White "Andrade Sandoval, Bianca"]
[Black "Gutierrez Diaz, Pablo"]
[Result "0-1"]
[WhiteElo "1920"]
[BlackElo "1810"]
[PlyCount "90"]
[EventDate "2018.07.08"]
[EventType "swiss"]
[EventRounds "7"]
[EventCountry "ESP"]
[SourceTitle "EXT 2019"]
[Source "ChessBase"]
[SourceDate "2018.10.10"]
[SourceVersion "1"]
[SourceVersionDate "2018.10.10"]
[SourceQuality "1"]

1. d4 Nf6 2. Nf3 e6 3. e3 b6 4. Be2 Be7 5. 0-0 0-0 6. b3 Bb7 7. Bb2 c5 8. c4 Ne4 9. Nbd2 Bf6 10. Nxe4 Bxe4 11. Ne5 Bxe5 12. dxe5 Qg5 13. Bf3 Bxf3 14. Qxf3 Nc6 15. Qe4 Rad8 16. Rad1 Qg6 17. Qxg6 fxg6 18. Rd6 Kf7 19. a3 Na5 20. Rd3 Ke7 21. f4 h5 22. Bc3 Nc6 23. h4 Rf7 24. Rfd1 Ke8 25. g3 Ne7 26. e4 Ng8 27. b4 Rc8 28. Rc1 Ne7 29. bxc5 Rxc5 30. Bb4 Rc8 31. Bd6 Nc6 32. c5 b5 33. Rb1 a6 34. Kg2 Ra8 35. Bc7 Ra7 36. Bb6 Rb7 37. Kf3 Nxe5+ 38. Ke3 Nxd3 39. Kxd3 d6 40. Kd4 dxc5+ 41. Bxc5 Rbc7 42. Bd6 Rfd7 43. Ke5 Rc6 44. Rd1 a5 45. Kxe6 Rcxd6+ 0-1

[Event "Madrid-chT 1415"]
[Site "Madrid"]
[Date "2014.12.21"]
[Round "4.4"]
[White "Gutierrez Diaz, Pablo"]
[Black "Cao Armillas, Jesus"]
[Result "0-1"]
[WhiteElo "1693"]
[BlackElo "2113"]
[PlyCount "91"]
[EventDate "2014.11.23"]
[EventType "team-tourn"]
[EventRounds "14"]
[EventCountry "ESP"]
[SourceTitle "EXT 2016"]
[Source "ChessBase"]
[SourceDate "2015.10.08"]
[SourceVersion "1"]
[SourceVersionDate "2015.10.08"]
[SourceQuality "1"]
[WhiteTeam "Villalba 64"]
[BlackTeam "Collado Villalba"]
[WhiteTeamCountry "ESP"]
[BlackTeamCountry "ESP"]

1. e4 c5 2. Nf3 d6 3. c4 g6 4. d4 cxd4 5. Nxd4 Bg7 6. Be3 Nf6 7. f3 0-0 8. Nc3 Nc6 9. Nc2 Be6 10. Qd2 Qa5 11. Nd5 Qxd2+ 12. Bxd2 Rfc8 13. Rc1 Kf8 14. b3 Nd7 15. Kf2 a5 16. Nce3 Bh6 17. Be2 Nd4 18. Bc3 Nxe2 19. Kxe2 Ra6 20. Bd2 Nc5 21. Rc2 Bg7 22. Bc3 Bxc3 23. Nxc3 f6 24. Rb1 Bd7 25. Rbc1 Kf7 26. h3 Bc6 27. Rd1 Rd8 28. Kf2 Raa8 29. Rcd2 Na6 30. Ncd5 Rab8 31. Nb6 Nc5 32. g3 Rf8 33. Ned5 Rbd8 34. Nc3 Ke6 35. Nbd5 Kf7 36. g4 e6 37. Nc7 Ke7 38. N7b5 f5 39. exf5 gxf5 40. g5 Rg8 41. h4 h6 42. gxh6 Rh8 43. Nxd6 Rdg8 44. Re1 Kf6 45. Ne2 Rxh6 46. Nd4 0-1

[Event "Madrid San Viator op 20th"]
[Site "Madrid"]
[Date "2013.05.19"]
[Round "6"]
[White "Gutierrez Diaz, Pablo"]
[Black "Fernandez Garcia, Javier"]
[Result "0-1"]
[WhiteElo "1641"]
[BlackElo "2028"]
[PlyCount "76"]
[EventDate "2013.04.07"]
[EventType "swiss"]
[EventRounds "9"]
[EventCountry "ESP"]
[SourceTitle "EXT 2014"]
[Source "ChessBase"]
[SourceDate "2013.11.20"]
[SourceVersion "1"]
[SourceVersionDate "2013.11.20"]
[SourceQuality "1"]

1. e4 e6 2. d3 d5 3. Nd2 Nf6 4. Ngf3 b6 5. e5 Nfd7 6. d4 c5 7. c3 Be7 8. Bd3 Ba6 9. Nf1 Bxd3 10. Qxd3 Nc6 11. Bd2 Rc8 12. Ng3 Na5 13. 0-0 Nc4 14. b3 Nxd2 15. Qxd2 b5 16. Ne1 Qb6 17. Nc2 0-0 18. Kh1 b4 19. cxb4 cxd4 20. f4 f6 21. exf6 Nxf6 22. Rae1 Ng4 23. Re2 e5 24. f5 Bh4 25. Ne1 Bxg3 26. hxg3 e4 27. Qg5 d3 28. Qxg4 dxe2 29. Qxe2 Qxb4 30. g4 Qd4 31. g5 Qe5 32. Qg4 Rc7 33. Qh3 Rc3 34. Qh2 Qxh2+ 35. Kxh2 Rfc8 36. g3 Rc1 37. Kg2 Ra1 38. Kh3 Rcc1 0-1